| 000 | 00663nam a2200253 a 4500 | ||
|---|---|---|---|
| 005 | 20210219152942.0 | ||
| 008 | 991125n 000 0 u | ||
| 035 | _aUPN01000068455 | ||
| 100 | _aDrenning, Susan | ||
| 222 | _aPHI DELTA KAPPAN | ||
| 245 | _aComputer ease | ||
| 300 | _a471-472 | ||
| 362 | _a73, No. 6, 1992 | ||
| 505 | _aJunio 1992 | ||
| 653 | 0 | _aALFABETIZACION EN COMPUTADORA | |
| 653 | 0 | _aAPOYO COMUNITARIO | |
| 653 | 0 | _aBENEFICIOS EDUCATIVOS | |
| 653 | 0 | _aESCUELAS SUBURBANAS | |
| 653 | 0 | _aPROGRAMAS COOPERATIVOS | |
| 653 | 0 | _aPROGRAMAS INTERGENERACIONALES | |
| 700 | _aGetz, Lou | ||
| 904 |
_aAC _b006266 |
||
| 905 | _aArticulo | ||
| 999 |
_c64577 _d64577 |
||